000 00753nam0a22002651 4500
001 RU\NLR\INFOCOMM18\ROSSICA\1000008076
005 20250613185826.0
035 _a(NLR Aleph) 009898330
090 _a10556510
_c10556510
100 _a20030610d1776 |||y0rusy50 ca
101 0 _alat
102 _aRU
105 _ay ||||000ay
200 1 _aEpistolae illustrissimi ac reverendissimi Th. Prokopowicz
_fTh. Prokopowicz
210 _aMosqua
_d1776
215 _d
700 1 _9z01790
_aProkopovič
_bF.
_f1681-1736
_gFeofan
_4070
790 1 _9z01700
_aProkopowicz
_bTh.
_gTheophanus
_4070
801 1 _aRU
_bInfoComm
_c20030610
801 0 _aRU
_bNLR
_gPSBO
852 _aNLR
_j30.6.10.44
942 _cBOOK
980 _aNB
980 _aRossica